|
|
|
|
| LEADER |
00569cam a2200169 7i4500 |
| 001 |
0000026650 |
| 005 |
20110728090000.0 |
| 020 |
0 |
0 |
|a 9789834222116
|
| 090 |
0 |
0 |
|a M 333.784
|b DEP
|
| 110 |
2 |
0 |
|a The Department of Fisheries Malaysia
|
| 245 |
2 |
0 |
|a Marine Parks of Malaysia :
|b beauty beyond the land.
|
| 260 |
0 |
0 |
|a Putrajaya:
|b The Department of Fisheries Malaysia,
|c 2009.
|
| 300 |
# |
# |
|a 197 p.
|
| 650 |
0 |
0 |
|a Malaysia --
|x Description and travel
|
| 650 |
0 |
0 |
|a Marine parks and reserve --
|z Malaysia
|
| 651 |
0 |
0 |
|a Malaysia
|
| 999 |
|
|
|a 0000028800
|b Book
|c Malaysia
|e Business Information Centre
|